000 00507cam a22001337a 4500
008 180718b1978 xxu||||| |||| 00| 0 eng d
082 _aA81x54 In2/71/27/Pt2C/1&Pt5A
100 _aCensus of India 1971
245 _aDelhi: social and cultural tables and special tables on scheduled castes
260 _aDelhi
_bThe Controller of Publications
_c1978
300 _a135+p.
440 _aCensus of India 1971. Series-27, Delhi. Part II-C (i) & Part V-A
500 _aContents: Tables C-V, C-VII and C-VIII, Part A
999 _c485575
_d485575